Text book of biotechnology / (Record no. 84034)

MARC details
000 -LEADER
fixed length control field 00584nam a22001937a 4500
005 - DATE AND TIME OF LATEST TRANSACTION
control field 20140708122958.0
010 ## - LCCN (DPL NO)
LC control number ENG-109873
020 ## - INTERNATIONAL STANDARD BOOK NUMBER
Terms of availability 650.00
International Standard Book Number 9788171325559
035 ## - SYSTEM CONTROL NUMBER
System control number EN-93406
037 ## - SOURCE OF ACQUISITION
Source of stock number/acquisition DBAD/PUB
082 ## - DEWEY DECIMAL CLASSIFICATION NUMBER
Classification number 660.6
100 ## - MAIN ENTRY--PERSONAL NAME
Personal name Gupta, Preeti
245 00 - TITLE STATEMENT
Title Text book of biotechnology /
Statement of responsibility, etc by Preeti Gupta
260 ## - PUBLICATION, DISTRIBUTION, ETC. (IMPRINT)
Place of publication, distribution, etc Jaipur
Name of publisher, distributor, etc Pointer Publishers
Date of publication, distribution, etc 2011
270 ## - ADDRESS
Address Vyas Buliding, S.M.S.Highway
City Jaipur
Postal code 302003
300 ## - PHYSICAL DESCRIPTION
Extent vi,200p. :
Dimensions 22cm(Hb)
Other physical details ill
500 ## - GENERAL NOTE
General note Includes biblographical references and index
942 ## - ADDED ENTRY ELEMENTS (KOHA)
Source of classification or shelving scheme Dewey Decimal Classification
Item type English Books
Call number suffix GUP
Classification part 660.6
Holdings
Withdrawn status Lost status Not for loan Collection code Home library Current library Date acquired Source of acquisition Cost, normal purchase price Full call number Barcode Copy number Cost, replacement price Koha item type
    Not For Loan Non-fiction D.B.Act.Division D.B.Act.Division 07/05/2014 DBAD/PUB 650.00 660.6 GUP EN-93406 1 650.00 English Books

© Delhi Public Library
Hit Counter
free hit counter